[Event "Fide Open"]
[Site "Voronezh"]
[Date "2018.06.18"]
[Round "7.9"]
[White "Ilyina, Lada"]
[Black "Koshevarov, Alexander"]
[Result "1-0"]
[WhiteElo "2031"]
[BlackElo "2030"]
[Annotator ""]
[Source ""]
[Remark ""]

1.d4 Nf6 2.c4 g6 3.f3 Bg7 4.e4 d6 5.Nc3 O-O 6.Be3 e5 7.Nge2 c6
8.Qd2 Nbd7 9.O-O-O a6 10.g4 b5 11.c5 Qa5 12.b3 exd4 13.Nxd4 dxc5
14.Nxc6 Qa3+ 15.Kb1 c4 16.Qc1 Qxc1+ 17.Rxc1 cxb3 18.axb3 b4 19.Ne7+
Kh8 20.Ncd5 Nxd5 21.Nxd5 a5 22.Bb5 Ne5 23.Bc5 Rg8 24.Ne7 Nxf3
25.Nxg8 Be6 26.Ne7 Nd2+ 27.Kc2 Nxb3 28.Bc6 Ra6 29.Rcd1 Bf6 30.Rd8+
Kg7 31.Rg8+ Kh6 32.Be3+ Bg5 33.Bxg5+ Kxg5 34.Bd5 a4 35.Rb8 Kf6
36.Ng8+ Kg7 37.g5 Nd4+ 38.Kd3 Nc6 39.Bxc6 Rxc6 40.Nf6 Bc8 41.Rxb4 1-0

[Event "Fide Open"]
[Site "Voronezh"]
[Date "2018.06.18"]
[Round "7.10"]
[White "Manukovsky, Vladimir"]
[Black "Selensky, Andrey"]
[Result "0-1"]
[WhiteElo "2146"]
[BlackElo "2040"]
[Annotator ""]
[Source ""]
[Remark ""]

1.e4 c5 2.Nc3 Nc6 3.f4 e6 4.Nf3 Nge7 5.d4 cxd4 6.Nxd4 Nxd4 7.Qxd4
Nc6 8.Qf2 b6 9.Be3 Bb4 10.Qd2 Qf6 11.e5 Qe7 12.a3 Bxc3 13.Qxc3
Bb7 14.O-O-O Rc8 15.Qd2 Na5 16.Bb5 Nb3+ 17.Kb1 Nxd2+ 18.Rxd2
Bc6 19.Ba6 Rc7 20.Rhd1 O-O 21.c4 f6 22.Bd4 d5 23.exd6 Qxd6 24.Be5
Qxd2 25.Rxd2 fxe5 26.fxe5 Rf5 27.Re2 Kf7 28.Kc2 Bb7 0-1

[Event "Fide Open"]
[Site "Voronezh"]
[Date "2018.06.18"]
[Round "7.11"]
[White "Martyntsev, Roman"]
[Black "Peschansky, Mikhail"]
[Result "1/2-1/2"]
[WhiteElo "2035"]
[BlackElo "2137"]
[Annotator ""]
[Source ""]
[Remark ""]

1.e4 g6 2.d4 Bg7 3.Nc3 d5 4.exd5 Nf6 5.Bb5+ Nbd7 6.Nf3 O-O 7.O-O
Nb6 8.Be2 Bf5 9.Bg5 h6 10.Bf4 Nbxd5 11.Nxd5 Nxd5 12.Be5 Nf6 13.c4
c6 14.Qb3 Qb6 15.Qa3 Rfe8 16.c5 Qd8 17.Qb3 b5 18.cxb6 axb6 19.Rac1
Be4 20.Rfd1 b5 21.a3 Bd5 22.Qc2 h5 23.Bf4 Nd7 24.Ne5 Nxe5 25.dxe5
Qb8 26.Qc3 Ra4 27.b4 e6 28.Qg3 Qa7 29.Rc3 Ra8 30.Bc1 Qb8 31.f4
Qb6+ 32.Kf1 Rd8 33.Qg5 Rd7 34.Qg3 Ra8 35.Rcd3 Rad8 36.Qf2 Qa6
37.Ke1 Qa4 38.Qg3 Qc2 39.Qf2 Bf8 40.Bf3 Qa4 41.Be2 c5 42.bxc5
b4 43.axb4 Qxb4+ 44.Kf1 Bxc5 45.Be3 Bf8 46.Kg1 Bh6 47.Qg3 Bg7
48.h3 Qb7 49.Qg5 Qc7 50.Qg3 Be4 51.Rxd7 Rxd7 52.Rxd7 Qxd7 53.Bf3
Bf5 54.Qf2 1/2-1/2

[Event "Fide Open"]
[Site "Voronezh"]
[Date "2018.06.18"]
[Round "7.12"]
[White "Garafutdinov, Ainur"]
[Black "Grekhov, Luka"]
[Result "1-0"]
[WhiteElo "2122"]
[BlackElo "1955"]
[Annotator ""]
[Source ""]
[Remark ""]

1.e4 c5 2.d3 Nc6 3.g3 g6 4.Bg2 Bg7 5.c3 e6 6.Be3 b6 7.Ne2 Nge7
8.Qd2 O-O 9.Bh6 d5 10.Bxg7 Kxg7 11.d4 cxd4 12.Nxd4 dxe4 13.Bxe4
Bb7 14.f4 Rb8 15.Nxc6 Bxc6 16.Bxc6 Qxd2+ 17.Nxd2 Nxc6 18.O-O-O
Rbd8 19.Ne4 Rxd1+ 20.Rxd1 Rd8 21.Rxd8 Nxd8 22.b4 b5 23.a4 bxa4
24.Kb2 f5 25.Ng5 h6 26.Nf3 Kf6 27.Ka3 g5 28.Kxa4 Nf7 29.c4 e5
30.fxe5+ Nxe5 31.Nxe5 Kxe5 32.Kb3 f4 33.gxf4+ Kxf4 34.c5 Ke5
35.Kc4 g4 36.b5 h5 37.b6 axb6 38.cxb6 Kd6 39.Kb5 h4 40.Ka6 1-0

[Event "Fide Open"]
[Site "Voronezh"]
[Date "2018.06.18"]
[Round "7.13"]
[White "Bruyatskaya, Mariya"]
[Black "Beldyugin, Alexey"]
[Result "0-1"]
[WhiteElo "2026"]
[BlackElo "2113"]
[Annotator ""]
[Source ""]
[Remark ""]

1.e4 e6 2.d4 d5 3.Nc3 Bb4 4.e5 Ne7 5.a3 Bxc3+ 6.bxc3 b6 7.Qg4
Ng6 8.h4 h5 9.Qg3 Ba6 10.Ne2 c5 11.Nf4 Nxf4 12.Bxf4 Kf8 13.Bxa6
Nxa6 14.Qd3 Qc8 15.Bd2 Nb8 16.c4 dxc4 17.Qxc4 Qa6 18.Qc3 Nd7
19.Rh3 Qa4 20.dxc5 Nxc5 21.Be3 Rc8 22.Rd1 Qb5 23.Rf3 Kg8 24.Qb4
Qxb4+ 25.axb4 Na6 26.b5 Nc5 27.Ra1 Rc7 28.Bxc5 Rxc5 29.Rxa7 Rxe5+
30.Kd2 f6 31.Rg3 Rd5+ 32.Kc3 Rh7 33.Kb4 g5 34.Ra8+ Kf7 35.c4
gxh4 36.Rh3 Rd2 37.Rb8 Rb2+ 38.Kc3 Rxf2 39.Rxb6 Rxg2 40.Rxh4
Kg6 41.Rxe6 Kg5 42.Rh1 h4 43.b6 h3 44.c5 h2 45.c6 Rh3+ 46.Kc4
Rc2+ 47.Kb5 Kf5 48.Rd6 Ke5 49.Rd8 Rb3+ 50.Ka6 Rxc6 51.Rxh2 Rcxb6+
52.Ka7 Rb7+ 53.Ka8 R7b4 54.Re8+ Kf4 55.Ra2 f5 56.Ra1 Kf3 57.Re7
f4 58.Ra2 Re4 59.Rh7 Kg4 60.Rg2+ Rg3 61.Rb2 Kf3 62.Kb7 Re2 63.Rb4
Re4 64.Rb3+ Re3 65.Rb4 Rg6 66.Rf7 Rg4 67.Rb1 Kg2 68.Rb2+ Kg3 0-1

[Event "Fide Open"]
[Site "Voronezh"]
[Date "2018.06.18"]
[Round "7.14"]
[White "Abramov, Ilya"]
[Black "Kolyuzhnov, Vladislav"]
[Result "1-0"]
[WhiteElo "2089"]
[BlackElo "1986"]
[Annotator ""]
[Source ""]
[Remark ""]

1.d4 Nf6 2.c4 e6 3.g3 c5 4.Nf3 b6 5.Bg2 Bb7 6.O-O Be7 7.Nc3 O-O
8.d5 exd5 9.cxd5 d6 10.e4 Nbd7 11.Bf4 a6 12.h3 b5 13.Re1 b4 14.Nb1
Re8 15.Nbd2 Nb6 16.g4 Rc8 17.Bf1 Bf8 18.a3 a5 19.axb4 axb4 20.Ra7
Re7 21.Bg5 Rec7 22.Qa1 h6 23.Bh4 g5 24.Bg3 Re7 25.Qa5 Bg7 26.Bb5
Ra8 27.Rxa8 Bxa8 28.Nc4 Nfxd5 29.exd5 Bxd5 30.Qxb6 Rxe1+ 31.Nxe1
Qe7 32.Ng2 Qe4 33.Nce3 Bb7 34.Qd8+ Kh7 35.Bd7 Bf8 1-0

[Event "FIDE Open"]
[Site "Voronezh"]
[Date "2018.06.19"]
[Round "8.15"]
[White "Efendiev, Enver"]
[Black "Lilov, Aleksandr"]
[Result "1-0"]
[WhiteElo "1948"]
[BlackElo "2046"]
[Annotator ""]
[Source ""]
[Remark ""]

1.e4 e5 2.Nf3 Nc6 3.Bc4 Nf6 4.Ng5 d5 5.exd5 Na5 6.Bb5+ Bd7 7.Qe2
Be7 8.Nf3 c6 9.Nxe5 Nxd5 10.Qf3 Be6 11.Be2 Bf6 12.Nd3 O-O 13.O-O
Re8 14.Re1 Qb6 15.Nc3 Nc4 16.Ne4 Re7 17.b3 Bxa1 18.bxc4 f5 19.Ng5
Nb4 20.Ba3 Nxc2 21.Bxe7 Nxe1 22.Nxe1 Re8 23.Nxe6 Rxe7 24.Qxf5
Rf7 25.c5 Rxf5 26.cxb6 axb6 27.Bc4 Kh8 28.Nd8 Rf4 29.Bb3 g6 30.Nf3
Bf6 31.Nf7+ Kg7 32.N7g5 Bxg5 33.Nxg5 Rf5 34.Ne4 b5 35.f3 b6 36.Kf2
Kf8 37.g4 Re5 38.d4 Re7 39.Nc3 Rd7 40.d5 b4 41.dxc6 Rc7 42.Nd5
Rxc6 43.Nxb4 1-0

[Event "FIDE Open"]
[Site "Voronezh"]
[Date "2018.06.19"]
[Round "8.16"]
[White "Mikhnenko, Alexander"]
[Black "Martyntsev, Roman"]
[Result "1/2-1/2"]
[WhiteElo "1945"]
[BlackElo "2035"]
[Annotator ""]
[Source ""]
[Remark ""]

1.d4 Nf6 2.Bg5 Ne4 3.Bh4 d5 4.f3 Nd6 5.e3 g6 6.c3 c6 7.Bd3 Qb6
8.Qc2 Bg7 9.e4 e5 10.dxe5 Bxe5 11.Bf2 Qa5 12.Nd2 O-O 13.Ne2 dxe4
14.Nxe4 Nxe4 15.Bxe4 Be6 16.O-O f5 17.Bd3 Nd7 18.Nd4 Bf7 19.Rfe1
Rfe8 20.Nb3 Qc7 21.g3 b6 22.f4 Bd6 23.Nd2 Nc5 24.Bf1 b5 25.Bg2
a5 26.c4 b4 27.Kh1 Rxe1+ 28.Rxe1 a4 29.Nf3 b3 30.axb3 axb3 31.Qe2
Ne4 32.Bd4 Bb4 33.Rf1 Rd8 34.Be3 Qd6 35.Ne5 Be6 36.Bf3 c5 37.Qg2
Nf6 38.Nc6 Bxc4 39.Rc1 Re8 40.Bg1 Bd5 41.Nxb4 cxb4 42.Bf2 Bxf3
43.Qxf3 Qd5 44.Qxd5+ Nxd5 45.Bd4 Re4 46.Be5 Kf7 47.Rc5 Ke6 48.Rc6+
Ke7 49.Rd6 Ne3 50.Rc6 Rc4 51.Rxc4 Nxc4 52.Bg7 Kf7 53.Bh8 Ke6
54.Kg2 Kd5 55.Kf3 Nb6 56.Ke3 Kc4 57.Kd2 Nd7 58.Bg7 Nc5 59.Bh8
Ne6 60.Ke3 Nd8 1/2-1/2

[Event "FIDE Open"]
[Site "Voronezh"]
[Date "2018.06.19"]
[Round "8.17"]
[White "Koshevarov, Alexander"]
[Black "Gutsulyak, Nikolay"]
[Result "1/2-1/2"]
[WhiteElo "2030"]
[BlackElo "1953"]
[Annotator ""]
[Source ""]
[Remark ""]

1.e4 c5 2.Nf3 g6 3.d4 cxd4 4.Qxd4 Nf6 5.Nc3 Nc6 6.Qa4 d6 7.e5
Ng4 8.Bb5 Bg7 9.exd6 Qxd6 10.O-O O-O 11.Bf4 Qc5 12.Rad1 Bf5 13.Bxc6
Qxc6 14.Qxc6 bxc6 15.h3 Nf6 16.Nd4 Bd7 17.Rfe1 Rfe8 18.Be5 Rac8
19.Nb3 Bf5 20.Nd4 Bd7 21.Nb3 Bf5 22.Nd4 Bd7 23.Nb3 Bf5 1/2-1/2

[Event "FIDE Open"]
[Site "Voronezh"]
[Date "2018.06.19"]
[Round "8.18"]
[White "Pivina, Mariya"]
[Black "Zisin, Oleg"]
[Result "0-1"]
[WhiteElo "1941"]
[BlackElo "2012"]
[Annotator ""]
[Source ""]
[Remark ""]

1.e4 c5 2.Nf3 d6 3.d4 cxd4 4.Nxd4 Nf6 5.Nc3 a6 6.Be3 e5 7.Nb3
Be6 8.h3 Be7 9.g4 h6 10.Qd2 b5 11.O-O-O Nbd7 12.f4 b4 13.Nd5
Nxe4 14.Qxb4 Bxd5 15.Rxd5 Ng3 16.Rg1 Nxf1 17.Rxf1 Qc7 18.fxe5
Rc8 19.Qe4 O-O 20.Bf4 dxe5 21.Bxe5 Nxe5 22.Rxe5 Bd6 23.Ref5 Rfe8
24.Qg2 Qc4 25.R5f2 a5 26.Qf3 a4 27.Qxf7+ Qxf7 28.Rxf7 axb3 29.axb3
Re2 30.c3 Bc5 31.Rd7 Rh2 32.Rff7 Bf8 33.Rf3 Re2 34.Rd2 Re4 35.Kc2
Be7 36.Rfd3 Bg5 37.Rf2 Kh7 38.c4 Ree8 0-1

[Event "FIDE Open"]
[Site "Voronezh"]
[Date "2018.06.19"]
[Round "8.19"]
[White "Gulko, Oleg"]
[Black "Nesterov, Andrey"]
[Result "0-1"]
[WhiteElo "1883"]
[BlackElo "2010"]
[Annotator ""]
[Source ""]
[Remark ""]

1.d4 d5 2.c4 e6 3.Nc3 Nf6 4.cxd5 Nxd5 5.e4 Nxc3 6.bxc3 c5 7.Bc4
cxd4 8.Qxd4 Qc7 9.Nf3 Nc6 10.Qd3 Bd6 11.O-O O-O 12.Bg5 f6 13.Bh4
Rd8 14.Qc2 Ne5 15.Nxe5 Bxe5 16.Qb3 Bxh2+ 17.Kh1 Qe5 18.Rad1 Re8
19.Qb5 Re7 20.g3 Qxb5 21.Bxb5 g5 22.Bxg5 fxg5 23.Rd8+ Kg7 24.Kxh2
a6 25.Be2 b5 26.c4 b4 27.Re1 a5 28.e5 a4 29.Bf3 Rb8 30.Bc6 b3
31.axb3 axb3 32.f4 Rf7 33.Be8 Rf8 34.fxg5 Rf2+ 35.Kh3 b2 36.Rb1
Rc2 37.Bb5 Ra8 38.Rdd1 Kg6 39.Kg4 Bb7 40.Re1 Rf8 41.c5 Bf3+ 42.Kh3
Kxg5 43.Bd3 Bg4# 0-1

[Event "FIDE Open"]
[Site "Voronezh"]
[Date "2018.06.19"]
[Round "8.20"]
[White "Shushunov, Aleksei"]
[Black "Napalkov, Vladimir"]
[Result "1/2-1/2"]
[WhiteElo "1429"]
[BlackElo "2005"]
[Annotator ""]
[Source ""]
[Remark ""]

1.d4 d5 2.c4 e6 3.Nc3 Nf6 4.Bg5 Be7 5.Nf3 O-O 6.e3 b6 7.cxd5
Nxd5 8.Bxe7 Qxe7 9.Bd3 Nd7 10.O-O Bb7 11.Nxd5 exd5 12.Qc2 Nf6
13.Rac1 Rfc8 14.Bf5 c5 15.Bxc8 Rxc8 16.Qe2 Qe6 17.Ne5 Ne4 18.f3
Nd6 19.Rfe1 h6 20.Nd3 c4 21.Nf4 Qf6 22.Qd2 Qd8 23.Ne2 b5 24.Ng3
Qg5 25.Qb4 Rd8 26.Qc3 h5 27.Nf1 h4 28.Qd2 Qg6 29.Qf2 Nf5 30.Rcd1
Qf6 31.Kh1 Kh8 32.Kg1 Kg8 33.Kh1 Kh8 34.Kg1 Kg8 35.Kh1 Kh8 1/2-1/2

[Event "FIDE Open"]
[Site "Voronezh"]
[Date "2018.06.19"]
[Round "8.21"]
[White "Bitkinin, Lenar"]
[Black "Aloyan, Mikhail"]
[Result "1-0"]
[WhiteElo "2055"]
[BlackElo "1759"]
[Annotator ""]
[Source ""]
[Remark ""]

1.d4 d5 2.Nf3 c6 3.c4 dxc4 4.Nc3 Nf6 5.a4 g6 6.e3 Be6 7.Ne5 Bg7
8.Nxc4 Bd5 9.f3 O-O 10.e4 Bxc4 11.Bxc4 Nbd7 12.O-O e5 13.d5 Nb6
14.Bb3 cxd5 15.exd5 Qc7 16.Qe2 Rfd8 17.Rd1 Qc5+ 18.Be3 Qb4 19.Qb5
Qxb5 20.axb5 Ne8 21.d6 Nd7 22.Bxa7 Bf8 23.Ne4 Kg7 24.Kf1 f5 25.Ng5
Nxd6 26.Ne6+ Kf6 27.Be3 Rxa1 28.Bg5+ Kf7 29.Nxd8+ Ke8 30.Rxa1
h6 31.Nxb7 hxg5 32.Ra8+ Ke7 33.Nxd6 Kxd6 34.Bf7 Bg7 35.Bxg6 Ke6
36.Ra6+ 1-0

[Event "FIDE Open"]
[Site "Voronezh"]
[Date "2018.06.19"]
[Round "8.22"]
[White "Pak, Nikita"]
[Black "Manukovsky, Vladimir"]
[Result "0-1"]
[WhiteElo "1870"]
[BlackElo "2146"]
[Annotator ""]
[Source ""]
[Remark ""]

1.e4 c5 2.Ne2 Nc6 3.g3 d5 4.Bg2 dxe4 5.Bxe4 Nf6 6.Bg2 e5 7.Nbc3
Be6 8.O-O Qd7 9.Re1 O-O-O 10.Ne4 Nxe4 11.Bxe4 f5 12.Bg2 g5 13.d3
Be7 14.a3 h5 15.b4 Nd4 16.Nxd4 Qxd4 17.Be3 Qd7 18.Qf3 g4 19.Qe2
h4 20.b5 hxg3 21.hxg3 Bd5 22.f4 gxf3 23.Bxf3 Rdg8 24.Bf2 f4 25.Bxd5
Qxd5 26.Qe4 Qxe4 27.Rxe4 fxg3 28.Be3 g2 29.Kf2 Rh1 30.Rg1 Bh4+
31.Ke2 Rxg1 32.Bxg1 Bg3 33.Kf3 Bf4 34.Re2 Rg3+ 35.Ke4 Kc7 36.c3
Kd6 37.d4 c4 38.dxe5+ Bxe5 39.Rd2+ Ke6 40.Rd8 Bc7 41.Rd1 Rxc3 0-1

[Event "FIDE Open"]
[Site "Voronezh"]
[Date "2018.06.19"]
[Round "8.23"]
[White "Pokhlebin, Sergej"]
[Black "Bruyatskaya, Mariya"]
[Result "0-1"]
[WhiteElo "1898"]
[BlackElo "2026"]
[Annotator ""]
[Source ""]
[Remark ""]

1.e4 c5 2.Nf3 d6 3.d4 cxd4 4.Nxd4 Nf6 5.Nc3 g6 6.Be3 Bg7 7.f3
O-O 8.Qd2 Nc6 9.Bc4 Bd7 10.O-O-O Ne5 11.Bb3 Qa5 12.Kb1 Rfc8 13.Bh6
Bh8 14.h4 Nc4 15.Bxc4 Rxc4 16.Nd5 Qd8 17.Ne2 Nxd5 18.exd5 Bf5
19.Nc3 Rxc3 20.bxc3 Rc8 21.Qf4 Rxc3 22.Rd4 Qb6+ 23.Rb4 Bxc2+ 0-1

[Event "FIDE Open"]
[Site "Voronezh"]
[Date "2018.06.19"]
[Round "8.24"]
[White "Sukhareva, Valentina"]
[Black "Kutyanina, Mariya"]
[Result "0-1"]
[WhiteElo "1847"]
[BlackElo "2021"]
[Annotator ""]
[Source ""]
[Remark ""]

1.d4 d5 2.c4 e6 3.Nc3 Nf6 4.Bg5 Be7 5.e3 h6 6.Bxf6 Bxf6 7.cxd5
exd5 8.Bd3 O-O 9.Nge2 b6 10.Nf4 Bb7 11.Qh5 Bg5 12.O-O-O c6 13.h4
Bxf4 14.exf4 Qf6 15.g4 Qxf4+ 16.Kb1 Bc8 17.Rhg1 g6 18.Bxg6 fxg6
19.Qxg6+ Kh8 20.Rde1 Qc7 21.Qxh6+ Qh7+ 22.Qxh7+ Kxh7 23.Re7+
Kh6 24.Ne2 c5 25.f4 Nc6 26.g5+ Kg6 27.h5+ Kf5 28.Ng3+ Kxf4 29.Ree1
Nxd4 30.g6 Nf3 31.Ne2+ Ke3 32.Nc3+ Nxe1 33.Rxe1+ Kf2 34.Re2+
Kg3 35.Re3+ Kg4 36.Nxd5 Bf5+ 0-1

[Event "FIDE Open"]
[Site "Voronezh"]
[Date "2018.06.19"]
[Round "8.25"]
[White "Katkov, Vitaly"]
[Black "Yaurov, Egor"]
[Result "1-0"]
[WhiteElo "2018"]
[BlackElo "1825"]
[Annotator ""]
[Source ""]
[Remark ""]

1.d4 d5 2.Nf3 Nc6 3.Bf4 Bg4 4.e3 Nf6 5.h3 Bh5 6.c4 e6 7.Nc3 Bd6
8.Bxd6 Qxd6 9.c5 Qe7 10.Bb5 O-O 11.Bxc6 Bxf3 12.Qxf3 bxc6 13.O-O
e5 14.Rfe1 e4 15.Qe2 Nd7 16.Qa6 Qe6 17.b4 Rfb8 18.Reb1 g5 19.a4
g4 20.hxg4 Qxg4 21.Qxc6 Re8 22.Nxd5 Kg7 23.Qxc7 Rac8 24.Qg3 Qxg3
25.fxg3 Kg6 26.b5 f5 27.a5 a6 28.b6 Rc6 29.Nb4 Rf6 30.c6 Nf8
31.d5 Rd6 32.b7 f4 33.gxf4 1-0

[Event "FIDE Open"]
[Site "Voronezh"]
[Date "2018.06.19"]
[Round "8.26"]
[White "Kolyuzhnov, Vladislav"]
[Black "Koptev, Ruslan"]
[Result "1-0"]
[WhiteElo "1986"]
[BlackElo "1859"]
[Annotator ""]
[Source ""]
[Remark ""]

1.e4 e5 2.Nf3 Nc6 3.Bc4 Be7 4.O-O Nf6 5.Nc3 O-O 6.d4 d6 7.d5
Nb8 8.Ne1 Bg4 9.f3 Bh5 10.g4 Bg6 11.h4 h6 12.h5 Bh7 13.Qe2 c6
14.a4 Nbd7 15.Nd3 Nb6 16.Bb3 cxd5 17.exd5 Re8 18.a5 Nbd7 19.Be3
e4 20.fxe4 Nxe4 21.Nxe4 Bxe4 22.Qf2 Nf6 23.g5 hxg5 24.Bxg5 Qd7
25.Qh4 Bxd3 26.cxd3 Qg4+ 27.Qxg4 Nxg4 28.Bf4 Bf6 29.Bxd6 Re2
30.Bc5 Rae8 31.Bd1 R2e5 32.Bxg4 Rg5 33.Ra4 Bxb2 34.Rf5 Rxf5 35.Bxf5 1-0

[Event "FIDE Open"]
[Site "Voronezh"]
[Date "2018.06.19"]
[Round "8.27"]
[White "Grekhov, Luka"]
[Black "Moshkin, Mikhail"]
[Result "0-1"]
[WhiteElo "1955"]
[BlackElo "1766"]
[Annotator ""]
[Source ""]
[Remark ""]

1.e4 c5 2.Nf3 e6 3.d4 cxd4 4.Nxd4 Nf6 5.Nc3 d6 6.Be3 Be7 7.f3
O-O 8.Qd2 Nc6 9.O-O-O d5 10.exd5 Nxd5 11.Nxd5 Qxd5 12.Nxc6 bxc6
13.c4 Qxd2+ 14.Rxd2 Bb4 15.Rd3 e5 16.Be2 Be6 17.Rb3 Rfb8 18.Kc2
a5 19.a3 Be7 20.Rb6 c5 21.Rxb8+ Rxb8 22.b3 Bf5+ 23.Kc3 e4 24.f4
Bf6+ 25.Kc2 Bd4 26.Bxd4 cxd4 27.g4 Bd7 28.Bd1 Bc6 29.Re1 f6 30.Kd2
g6 31.f5 gxf5 32.gxf5 Kf7 33.Bc2 d3 34.Bd1 Rg8 35.b4 Rg2+ 36.Ke3
axb4 37.axb4 Rxh2 38.b5 Ba8 39.c5 Rb2 40.Bh5+ Kf8 41.Ra1 Bd5
42.c6 Ke7 43.Ra7+ Kd6 44.Rd7+ Ke5 45.c7 Rc2 46.b6 Bb7 0-1

[Event "FIDE Open"]
[Site "Voronezh"]
[Date "2018.06.19"]
[Round "8.28"]
[White "Malinin, Sergey"]
[Black "Savoskin, Vladimir"]
[Result "0-1"]
[WhiteElo "1953"]
[BlackElo "1743"]
[Annotator ""]
[Source ""]
[Remark ""]

1.d4 Nf6 2.c4 g6 3.Nc3 d5 4.cxd5 Nxd5 5.e4 Nxc3 6.bxc3 Bg7 7.Nf3
O-O 8.Be2 c5 9.Rb1 cxd4 10.cxd4 Nc6 11.d5 Ne5 12.Nxe5 Bxe5 13.O-O
Qc7 14.f4 Bg7 15.Bb2 Bxb2 16.Rxb2 Qc3 17.Rb3 Qa5 18.f5 Qxa2 19.Rg3
Bd7 20.Bd3 Qb2 21.Bb1 Qe5 22.Qb3 b5 23.Rd1 Kg7 24.Qe3 b4 25.Rh3
Kg8 26.Qh6 Qg7 27.Qf4 Rac8 0-1

[Event "FIDE Open"]
[Site "Voronezh"]
[Date "2018.06.19"]
[Round "8.29"]
[White "Popov, Maksim"]
[Black "Sobina, Pavel"]
[Result "1-0"]
[WhiteElo "1831"]
[BlackElo "2199"]
[Annotator ""]
[Source ""]
[Remark ""]

1.e4 c5 2.c3 d5 3.exd5 Qxd5 4.d4 Nf6 5.Nf3 Bg4 6.Be2 cxd4 7.cxd4
e6 8.Nc3 Qd8 9.Bf4 Nc6 10.O-O Bd6 11.Bxd6 Qxd6 12.Qa4 O-O 13.Rfd1
Qb4 14.Qxb4 Nxb4 15.h3 Bh5 16.g4 Bg6 17.Ne5 Rfd8 18.Rac1 Rac8
19.Bf3 b6 20.a3 Nbd5 21.Nxd5 Nxd5 22.Nc6 Rxc6 23.Rxc6 h6 24.Bxd5
Rxd5 25.f4 Be4 26.Rc7 a5 27.Kf2 Rb5 28.Rd2 Rb3 29.Rc3 1-0

[Event "FIDE Open"]
[Site "Voronezh"]
[Date "2018.06.19"]
[Round "8.30"]
[White "Polukhin, Alexander"]
[Black "Markevich, Arseniy"]
[Result "1-0"]
[WhiteElo "1809"]
[BlackElo "2076"]
[Annotator ""]
[Source ""]
[Remark ""]

1.d4 Nc6 2.Nf3 d5 3.Bf4 Bg4 4.e3 e6 5.c4 Nf6 6.Qb3 Rb8 7.Nc3
Bxf3 8.gxf3 Bd6 9.Bg3 O-O 10.f4 Na5 11.Qa4 Nxc4 12.Bxc4 dxc4
13.Qxc4 a6 14.Bh4 b5 15.Qc6 Rb6 16.Qg2 Kh8 17.Rg1 Rg8 18.Ne4
Bb4+ 19.Ke2 Be7 20.Ng5 Qe8 21.Qa8 Rf8 22.Qxe8 Nxe8 23.Nxh7 Bxh4
24.Nxf8 Rd6 25.a4 Kg8 26.axb5 axb5 27.Nxe6 fxe6 28.Ra8 Kf7 29.Rc1
Be7 30.Kd3 Rd5 31.Ra5 Rh5 32.Rc2 Bb4 33.Ra7 Rxh2 34.Rb7 Rh5 35.e4
Ke7 36.e5 Ba5 37.Rxb5 Bb6 38.Ke4 Kd7 39.d5 exd5+ 40.Rxd5+ Ke6
41.f5+ Ke7 42.Rc6 Rh8 43.Re6+ Kf8 44.Rd8 Kf7 45.Rd7+ Kf8 46.Rde7
Rh4+ 47.f4 Nd6+ 48.exd6 cxd6 49.Re8+ Kf7 50.R6e7+ 1-0

[Event "FIDE Open"]
[Site "Voronezh"]
[Date "2018.06.19"]
[Round "8.31"]
[White "Makarov, Anton"]
[Black "Fadin, Evgeny"]
[Result "0-1"]
[WhiteElo "1787"]
[BlackElo "2056"]
[Annotator ""]
[Source ""]
[Remark ""]

1.d4 Nf6 2.c4 c5 3.d5 b5 4.Nd2 bxc4 5.e4 Qa5 6.Qc2 e6 7.dxe6
fxe6 8.e5 Nd5 9.Bxc4 Ba6 10.Ngf3 Be7 11.O-O O-O 12.Ne4 Bxc4 13.Qxc4
Nc6 14.Bd2 Qb6 15.b3 Rf5 16.Bc3 Raf8 17.Ng3 Rf4 18.Qd3 Nxc3 19.Qxc3
Rxf3 20.gxf3 Nd4 21.Qd3 Nxf3+ 22.Kg2 Nxe5 23.Qe4 Ng6 24.f4 d5
25.Qe3 Qd6 0-1

[Event "FIDE Open"]
[Site "Voronezh"]
[Date "2018.06.19"]
[Round "8.32"]
[White "Teryaeva, Valeria"]
[Black "Katyshkina, Anastasia"]
[Result "0-1"]
[WhiteElo "1787"]
[BlackElo "2035"]
[Annotator ""]
[Source ""]
[Remark ""]

1.e4 c5 2.c3 g6 3.d4 cxd4 4.cxd4 d5 5.exd5 Nf6 6.Nc3 Nxd5 7.Qb3
Nxc3 8.bxc3 Bg7 9.Nf3 O-O 10.Bc4 Nc6 11.Ng5 e6 12.Bb5 Bd7 13.O-O
a6 14.Be2 b5 15.Bf3 Rc8 16.Ne4 h6 17.Ba3 b4 18.Bxb4 Rb8 19.Qa3
Rxb4 20.cxb4 Nxd4 21.Rac1 Bb5 22.Rfd1 Qh4 23.Qe3 Nf5 24.Qd2 Ba4
25.g3 Qe7 26.Re1 Rd8 27.Qf4 e5 28.Qg4 Nd4 29.Bg2 Qxb4 30.Qh4
g5 31.Qg4 f5 32.Qh5 Be8 33.Qh3 fxe4 34.Bxe4 Bf7 35.Re3 Qd2 36.Rc8
Rf8 37.Rc7 Qd1+ 38.Kg2 Be6 39.g4 Ne2 0-1

[Event "FIDE Open"]
[Site "Voronezh"]
[Date "2018.06.19"]
[Round "8.33"]
[White "Anisimov, V."]
[Black "Kalashnikova, Elena"]
[Result "0-1"]
[WhiteElo "2011"]
[BlackElo "1774"]
[Annotator ""]
[Source ""]
[Remark ""]

1.d4 Nf6 2.Bg5 g6 3.Nd2 d5 4.Bxf6 exf6 5.e3 Bg7 6.Bd3 O-O 7.h4
f5 8.h5 c5 9.c3 cxd4 10.cxd4 Re8 11.hxg6 fxg6 12.Ne2 Nc6 13.O-O
g5 14.Qb1 Qf6 15.Ng3 Ne7 16.Nh5 Qh6 17.Nxg7 Kxg7 18.Re1 f4 19.exf4
gxf4 20.Re5 Kh8 21.Qc2 Rg8 22.Rxe7 Rxg2+ 23.Kxg2 Bh3+ 24.Kh2
Bf5+ 25.Kg1 Qg6+ 26.Kh2 Rg8 0-1

[Event "FIDE Open"]
[Site "Voronezh"]
[Date "2018.06.19"]
[Round "8.34"]
[White "Stepanenko, Kirill"]
[Black "Gorodnichev, Alexey"]
[Result "1/2-1/2"]
[WhiteElo "1784"]
[BlackElo "1949"]
[Annotator ""]
[Source ""]
[Remark ""]

1.e4 e6 2.d3 d5 3.Nd2 b6 4.g3 Bb7 5.Bg2 g6 6.Ngf3 Bg7 7.O-O Ne7
8.Re1 Nd7 9.c3 c5 10.h4 h6 11.Nf1 Qc7 12.Bf4 e5 13.Bd2 dxe4 14.dxe4
Nf6 15.N3h2 O-O 16.Ng4 h5 17.Nxf6+ Bxf6 18.Nh2 Rad8 19.Qe2 Bc8
20.Rad1 Be6 21.Bh6 Bg7 22.Bxg7 Kxg7 23.b3 c4 24.b4 a5 25.a3 b5
26.Nf1 axb4 27.axb4 Ra8 28.Ra1 Rfd8 29.Rxa8 Rxa8 30.Ne3 Rd8 31.Rd1
Rd7 32.Kf1 Qd8 33.Ke1 f6 34.Rxd7 Qxd7 35.Qd2 Qc7 36.Nc2 Nc8 37.Qe3
Nb6 38.Na3 Bd7 39.Qc5 Qxc5 40.bxc5 Na4 41.Kd2 Nxc5 42.f3 Kf7
43.Bf1 Ke7 44.Be2 Kd6 45.Ke3 Na4 46.Kd2 Kc5 47.Nc2 Nb6 48.g4
hxg4 49.fxg4 Nc8 50.h5 gxh5 51.gxh5 Ne7 52.h6 Ng6 53.Ne3 Be6
54.h7 Kd6 55.Bh5 Nh8 56.Be8 Kc5 57.Ng2 Bf7 58.Bd7 b4 59.cxb4+
Kxb4 60.Ne3 Kb3 61.Bf5 Kb2 62.Nd1+ Kb3 63.Nc3 Kb4 64.Kc2 1/2-1/2

[Event "FIDE Open"]
[Site "Voronezh"]
[Date "2018.06.19"]
[Round "8.35"]
[White "Maraktanov, Andrey"]
[Black "Piskov, Vladimir A."]
[Result "1-0"]
[WhiteElo "1763"]
[BlackElo "1928"]
[Annotator ""]
[Source ""]
[Remark ""]

1.d4 d5 2.c4 e5 3.dxe5 d4 4.Nf3 Nc6 5.a3 Bg4 6.Bf4 Qd7 7.Nbd2
O-O-O 8.h3 Bh5 9.g4 Bg6 10.Bg2 f6 11.O-O h5 12.g5 d3 13.e3 fxe5
14.Nxe5 Nxe5 15.Bxe5 Qf5 16.Qf3 c6 17.Qxf5+ Bxf5 18.b4 Ne7 19.c5
Ng6 20.Bg3 h4 21.Bh2 Be7 22.f4 Rhe8 23.e4 Be6 24.Rad1 Bg8 25.f5
Nh8 26.g6 Bf6 27.Rf3 Bb2 28.Bd6 Bxa3 29.Rb1 b5 30.Rxd3 a5 31.Rxa3
axb4 32.Ra7 Rxd6 33.cxd6 Kb8 34.Rxg7 c5 35.Ra1 1-0

[Event "FIDE Open"]
[Site "Voronezh"]
[Date "2018.06.19"]
[Round "8.37"]
[White "Khanin, Alexandr"]
[Black "Leolko, Ludmila"]
[Result "0-1"]
[WhiteElo "1744"]
[BlackElo "1901"]
[Annotator ""]
[Source ""]
[Remark ""]

1.e4 c5 2.Nf3 d6 3.d4 cxd4 4.Nxd4 Nf6 5.Nc3 g6 6.Be3 Bg7 7.f3
Nc6 8.Qd2 O-O 9.g4 Bxg4 10.fxg4 Nxg4 11.Nxc6 bxc6 12.Bg5 Rb8
13.Be2 Ne5 14.Rb1 f5 15.Bh6 Bxh6 16.Qxh6 f4 17.Rf1 f3 18.Bd1
Qa5 19.Qd2 Rf6 20.Qd4 Rbf8 21.Rf2 Ng4 22.Rxf3 Rxf3 23.Bxf3 Rxf3
24.Qc4+ Kg7 25.Qe6 Qg5 26.Rd1 Qe3+ 27.Ne2 Rf1+ 0-1

[Event "FIDE Open"]
[Site "Voronezh"]
[Date "2018.06.19"]
[Round "8.38"]
[White "Korolkov, Alexander"]
[Black "Bukatin, Arseny"]
[Result "1-0"]
[WhiteElo "1734"]
[BlackElo "1894"]
[Annotator ""]
[Source ""]
[Remark ""]

1.c4 e5 2.Nc3 Nf6 3.Nf3 Nc6 4.d4 exd4 5.Nxd4 Bb4 6.Nxc6 bxc6
7.a3 Bxc3+ 8.bxc3 O-O 9.g3 Qe7 10.Bg2 Re8 11.Bg5 Ba6 12.Bf3 Qe5
13.Bxf6 Qxf6 14.O-O Rad8 15.Qa4 c5 16.Rfd1 Qe6 17.Bd5 Qf6 18.e3
Re5 19.Rab1 Rf5 20.Rb2 Qxc3 21.Qxd7 Rf8 22.Qxf5 1-0

[Event "FIDE Open"]
[Site "Voronezh"]
[Date "2018.06.19"]
[Round "8.39"]
[White "Mikheeva, Galina"]
[Black "Morgachev, Sergey"]
[Result "1/2-1/2"]
[WhiteElo "1716"]
[BlackElo "1889"]
[Annotator ""]
[Source ""]
[Remark ""]

1.e4 e6 2.d4 d5 3.e5 c5 4.c3 Qb6 5.Nf3 Nc6 6.a3 Bd7 7.b4 cxd4
8.cxd4 Rc8 9.Bb2 Na5 10.Nfd2 Ne7 11.Bc3 Nc4 12.Bd3 Nxd2 13.Qxd2
Nf5 14.Bxf5 exf5 15.O-O Be7 16.Bb2 O-O 17.Nc3 Be6 18.Qd3 Rc4
19.Nd1 Rc7 20.g3 Rfc8 21.Ne3 g6 22.Rab1 Kg7 23.Rfc1 Qa6 24.Qxa6
bxa6 25.Rxc7 Rxc7 26.Kf1 Kf8 27.Ke2 Ke8 28.Kd2 Kd7 29.Nd1 Rc4
30.Bc3 Kc8 31.Nb2 Rc6 32.Nd3 h5 33.a4 Rc7 34.Ra1 Bd7 35.Nc5 Bxc5
36.dxc5 a5 37.Kd3 axb4 38.Bxb4 Rb7 39.Bc3 Kc7 40.Kd4 Kc6 1/2-1/2

[Event "FIDE Open"]
[Site "Voronezh"]
[Date "2018.06.19"]
[Round "8.40"]
[White "Yudin, Sergei"]
[Black "Shestakova, Ekaterina"]
[Result "1-0"]
[WhiteElo "1699"]
[BlackElo "1886"]
[Annotator ""]
[Source ""]
[Remark ""]

1.d4 d5 2.c4 c6 3.Nf3 Nf6 4.Nc3 e6 5.cxd5 exd5 6.Qc2 Bd6 7.Bg5
h6 8.Bxf6 Qxf6 9.Nxd5 Qe6 10.Nc3 O-O 11.e3 Qf6 12.Be2 Bg4 13.O-O
Re8 14.Rac1 Bb4 15.a3 Bxc3 16.bxc3 Nd7 17.c4 Rad8 18.c5 Nf8 1-0